Catálogo
 En Linea

Una tarea patria : (Registro nro. 32308)

Detalles MARC
000 -CABECERA
campo de control de longitud fija 00665nam a2200169 a 4500
001 - NÚMERO DE CONTROL
campo de control 000032817
005 - FECHA Y HORA DE LA ÚLTIMA TRANSACCIÓN
campo de control 20240316073901.0
008 - DATOS DE LONGITUD FIJA--INFORMACIÓN GENERAL
campo de control de longitud fija 110726s2013 dr a 000 0 spa d
040 ## - FUENTE DE LA CATALOGACIÓN
Centro catalogador/agencia de origen DO-SdBNP
Lengua de catalogación spa
Centro/agencia transcriptor BNPHU
082 ## - NÚMERO DE LA CLASIFICACIÓN DECIMAL DEWEY
Número de clasificación xxx
Número de documento/Ítem xxxx
100 ## - ENTRADA PRINCIPAL--NOMBRE DE PERSONA
Nombre de persona Castro, Tomás,
Fechas asociadas al nombre 1959-
9 (RLIN) 24641
245 10 - MENCIÓN DE TÍTULO
Título Una tarea patria :
Resto del título aprovechemos el tiempo con Duarte /
Mención de responsabilidad, etc. Tomás Castro Burdiez.
260 ## - PUBLICACIÓN, DISTRIBUCIÓN, ETC.
Lugar de publicación, distribución, etc. Santo Domingo :
Nombre del editor, distribuidor, etc. Fundación para la Educación y el Arte,
Fecha de publicación, distribución, etc. 2013.
300 ## - DESCRIPCIÓN FÍSICA
Extensión 24 p. ; :
Otras características físicas il. ;
Dimensiones 28 cm.
505 0# - NOTA DE CONTENIDO CON FORMATO
Título Sopa de letras
-- Historia
-- Ideario
-- Proyecto de constitución
-- Biografías
-- Himnos
500 ## - NOTA GENERAL
Nota general Año del bicentenario del natalicio de Juan Pablo Duarte y Díez
Existencias
Estado de retiro Estado de pérdida Restricciones de uso No para préstamo Código de colección Localización permanente Ubicación/localización actual Ubicación en estantería Fecha de adquisición Número de inventario Total de préstamos Signatura topográfica completa Código de barras Fecha visto por última vez Número de copia Precio válido a partir de Tipo de ítem Koha
        Dominicana de Servicio General General Depósito 26.07.2011 LF1   xxx xxxx 32817-30 25.06.2020 e. 3 25.06.2020 Libro y Folleto Colección Dominicana de Servicio
      Excluido de préstamo Patrimonio Dominicano Patrimonio Dominicano Patrimonio Dominicano Depósito 26.07.2011 LF1   xxx xxxx 32817-10 25.06.2020   25.06.2020 Libro y Folleto Colección Patrimonio Dominicano
      Excluido de préstamo Patrimonio Dominicano Patrimonio Dominicano Patrimonio Dominicano Depósito 26.07.2011 LF1   xxx xxxx 32817-20 25.06.2020 e. 2 25.06.2020 Libro y Folleto Colección Patrimonio Dominicano
        Patrimonio Dominicano Patrimonio Dominicano Patrimonio Dominicano Orden iniciada 26.07.2011 LF1   xxx xxxx 32818-10 25.06.2020   25.06.2020 Libro y Folleto Colección Patrimonio Dominicano

Con tecnología Koha